书目信息 |
| 题名: |
公路挡土墙设计
|
|
| 作者: | 陈忠达 编著 | |
| 分册: | ||
| 出版信息: | 北京 人民交通出版社 2000.05 |
|
| 页数: | 282页 | |
| 开本: | 32开 | |
| 丛书名: | ||
| 单 册: | ||
| 中图分类: | U417.11 | |
| 科图分类: | ||
| 主题词: | 道路工程 | |
| 电子资源: | ||
| ISBN: | 7-114-03515-2 | |
| 000 | 00528nam0 2200181 45 | |
| 001 | 1009060143 | |
| 005 | 20120330184435.10 | |
| 010 | @a7-114-03515-2@d19.00元 | |
| 100 | @a20100906d2000 km y0chiy0120 ea | |
| 101 | 0 | @achi |
| 200 | 1 | @a公路挡土墙设计@AGong Lu Dang Tu Qiang She Ji@f陈忠达编著@FChen Zhong Da Bian Zhu |
| 210 | @a北京@c人民交通出版社@d2000.05 | |
| 215 | @a282页@d32开 | |
| 606 | 0 | @a道路工程 |
| 690 | @aU417.11@v3 | |
| 701 | 0 | @a陈忠达@4编著 |
| 801 | @aCN@bPftUser@c20100906 | |
| 905 | @b127543-552@dU417.11@eCH155@f10 | |
| 公路挡土墙设计/陈忠达编著.-北京:人民交通出版社,2000.05 |
| 282页;32开 |
| ISBN 7-114-03515-2:19.00元 |
| ● |
| 相关链接 |
|
|
|
正题名:公路挡土墙设计
索取号:U417.11/CH155
 
预约/预借
| 序号 | 登录号 | 条形码 | 馆藏地/架位号 | 状态 | 备注 |
| 1 | 127543 | 201275431 | 自科库501/501自科库 53排4列2层/ [索取号:U417.11/CH155] | 在馆 | |
| 2 | 127544 | 201275440 | 自科库501/ [索取号:U417.11/CH155] | 在馆 | |
| 3 | 127545 | 201275459 | 自科库501/501自科库 53排4列2层/ [索取号:U417.11/CH155] | 在馆 | |
| 4 | 127546 | 201275468 | 市政与环境工程学院资料室/ [索取号:U417.11/CH155] | 在馆 | |
| 5 | 127547 | 201275477 | 市政与环境工程学院资料室/ [索取号:U417.11/CH155] | 在馆 | |
| 6 | 127548 | 201275486 | 市政与环境工程学院资料室/ [索取号:U417.11/CH155] | 在馆 | |
| 7 | 127549 | 201275495 | 市政与环境工程学院资料室/ [索取号:U417.11/CH155] | 在馆 | |
| 8 | 127550 | 201275501 | 市政与环境工程学院资料室/ [索取号:U417.11/CH155] | 在馆 | |
| 9 | 127551 | 201275510 | 自科库501/501自科库 53排4列2层/ [索取号:U417.11/CH155] | 在馆 | |
| 10 | 127552 | 201275529 | 自科二线400A/201建筑库 80排2列3层/ [索取号:U417.11/CH155] | 在馆 | |
| 11 | 486354 | 204863549 | 测绘与城市空间信息学院资料室/ [索取号:U417.11/CH155] | 在馆 |